Sharīʻa: theory, practice, transformations (Record no. 1842)

MARC details
000 -LEADER
fixed length control field 03493cam a2200685Li 4500
001 - CONTROL NUMBER
control field ocn495199221
003 - CONTROL NUMBER IDENTIFIER
control field TZ-ArACH
005 - DATE AND TIME OF LATEST TRANSACTION
control field 20120917110255.0
008 - FIXED-LENGTH DATA ELEMENTS--GENERAL INFORMATION
fixed length control field 091006s2009 xxk f b 001 0 eng d
015 ## - NATIONAL BIBLIOGRAPHY NUMBER
National bibliography number GBA915135
016 7# - NATIONAL BIBLIOGRAPHIC AGENCY CONTROL NUMBER
Record control number FRBNF422755760000007
Source FrPBN
020 ## - INTERNATIONAL STANDARD BOOK NUMBER
International Standard Book Number 9780521861472 (rel)
020 ## - INTERNATIONAL STANDARD BOOK NUMBER
International Standard Book Number 0521861470 (rel)
035 ## - SYSTEM CONTROL NUMBER
System control number (OCoLC)495199221
040 ## - CATALOGING SOURCE
Original cataloging agency ZWZ
Description conventions ncafnor
Language of cataloging fre
Transcribing agency TZ-ArACH
Modifying agency OCLCQ
-- CHRRO
-- UQ1
-- BDF
041 ## - LANGUAGE CODE
Language code of text/sound track or separate title Eng
049 ## - LOCAL HOLDINGS (OCLC)
Holding library TZAA
050 ## - LIBRARY OF CONGRESS CALL NUMBER
Classification number KBP144
Item number .H356
082 04 - DEWEY DECIMAL CLASSIFICATION NUMBER
Classification number 340.5/909
Edition number 22
100 1# - MAIN ENTRY--PERSONAL NAME
Personal name Hallaq, Wael B.
Dates associated with a name (1955- ...).,
Relator term Auteur.
9 (RLIN) 6482
245 10 - TITLE STATEMENT
Title Sharīʻa: theory, practice, transformations
Medium [Texte imprimé] :
Remainder of title theory, practice, transformations /
Statement of responsibility, etc Wael B. Hallaq.
260 ## - PUBLICATION, DISTRIBUTION, ETC. (IMPRINT)
Place of publication, distribution, etc Cambridge ;
-- New York :
Name of publisher, distributor, etc Cambridge University Press,
Date of publication, distribution, etc 2009.
300 ## - PHYSICAL DESCRIPTION
Extent 1 v. (IX-614 p.) ;
Dimensions 24 cm.
500 ## - GENERAL NOTE
General note Table des matières.
504 ## - BIBLIOGRAPHY, ETC. NOTE
Bibliography, etc Bibliographie p. 563-597. Index.
505 0# - FORMATTED CONTENTS NOTE
Formatted contents note The formative period -- Legal theory : epistemology, language and legal reasoning -- Legal education and the politics of law -- Law and society -- The circle of justice and later dynasties -- The legal pillars of religion -- Contracts and othe obligations -- Family law and succession -- Property and ownership -- Offenses -- Jihād -- Courts of justice, suits and evidence -- The conceptual framework : an introduction -- The jural colonization of India and South-East-Asia -- Hegemonic modernity : the Middle East and North Africa during the nineteenth and early twentieth centuries -- Modernizing the law in the age of nation-states -- In search of a legal methodology -- Repercussions: concluding notes.
650 #7 - SUBJECT ADDED ENTRY--TOPICAL TERM
Topical term or geographic name as entry element Droit islamique
General subdivision Histoire.
9 (RLIN) 6483
650 #7 - SUBJECT ADDED ENTRY--TOPICAL TERM
Topical term or geographic name as entry element Droit islamique
General subdivision Philosophie.
9 (RLIN) 6484
650 #7 - SUBJECT ADDED ENTRY--TOPICAL TERM
Topical term or geographic name as entry element Droit islamique
General subdivision Interprétation.
9 (RLIN) 6485
650 #0 - SUBJECT ADDED ENTRY--TOPICAL TERM
Topical term or geographic name as entry element Islamic law
General subdivision History.
9 (RLIN) 6486
650 #0 - SUBJECT ADDED ENTRY--TOPICAL TERM
Topical term or geographic name as entry element Islamic law.
9 (RLIN) 6487
650 #0 - SUBJECT ADDED ENTRY--TOPICAL TERM
Topical term or geographic name as entry element Islamic law
General subdivision Interpretation and construction.
9 (RLIN) 6488
650 #0 - SUBJECT ADDED ENTRY--TOPICAL TERM
Topical term or geographic name as entry element Islamic law
General subdivision Philosophy.
9 (RLIN) 6489
650 #7 - SUBJECT ADDED ENTRY--TOPICAL TERM
Topical term or geographic name as entry element Droit musulman
General subdivision épistémologie
-- tradition
Chronological subdivision 7e s. / 21e s. (début)
9 (RLIN) 6490
650 #7 - SUBJECT ADDED ENTRY--TOPICAL TERM
Topical term or geographic name as entry element Aspect philosophique.
9 (RLIN) 6491
650 17 - SUBJECT ADDED ENTRY--TOPICAL TERM
Topical term or geographic name as entry element Droit islamique.
9 (RLIN) 6492
650 #7 - SUBJECT ADDED ENTRY--TOPICAL TERM
Topical term or geographic name as entry element Histoire.
9 (RLIN) 6493
650 #7 - SUBJECT ADDED ENTRY--TOPICAL TERM
Topical term or geographic name as entry element Interprétation de la loi.
Source of heading or term rasuqam
9 (RLIN) 6494
740 02 - ADDED ENTRY--UNCONTROLLED RELATED/ANALYTICAL TITLE
Uncontrolled related/analytical title Formative period.
740 02 - ADDED ENTRY--UNCONTROLLED RELATED/ANALYTICAL TITLE
Uncontrolled related/analytical title Legal theory : epistemology, language and legal reasoning.
740 02 - ADDED ENTRY--UNCONTROLLED RELATED/ANALYTICAL TITLE
Uncontrolled related/analytical title Legal education and the politics of law.
740 02 - ADDED ENTRY--UNCONTROLLED RELATED/ANALYTICAL TITLE
Uncontrolled related/analytical title Law and society.
740 02 - ADDED ENTRY--UNCONTROLLED RELATED/ANALYTICAL TITLE
Uncontrolled related/analytical title Circle of justice and later dynasties.
740 02 - ADDED ENTRY--UNCONTROLLED RELATED/ANALYTICAL TITLE
Uncontrolled related/analytical title Legal pillars of religion.
740 02 - ADDED ENTRY--UNCONTROLLED RELATED/ANALYTICAL TITLE
Uncontrolled related/analytical title Contracts and othe obligations.
740 02 - ADDED ENTRY--UNCONTROLLED RELATED/ANALYTICAL TITLE
Uncontrolled related/analytical title Family law and succession.
740 02 - ADDED ENTRY--UNCONTROLLED RELATED/ANALYTICAL TITLE
Uncontrolled related/analytical title Property and ownership.
740 02 - ADDED ENTRY--UNCONTROLLED RELATED/ANALYTICAL TITLE
Uncontrolled related/analytical title Offenses.
740 02 - ADDED ENTRY--UNCONTROLLED RELATED/ANALYTICAL TITLE
Uncontrolled related/analytical title Jihād.
740 02 - ADDED ENTRY--UNCONTROLLED RELATED/ANALYTICAL TITLE
Uncontrolled related/analytical title Courts of justice, suits and evidence.
740 02 - ADDED ENTRY--UNCONTROLLED RELATED/ANALYTICAL TITLE
Uncontrolled related/analytical title Conceptual framework : an introduction.
740 02 - ADDED ENTRY--UNCONTROLLED RELATED/ANALYTICAL TITLE
Uncontrolled related/analytical title Jural colonization of India and South-East-Asia.
740 02 - ADDED ENTRY--UNCONTROLLED RELATED/ANALYTICAL TITLE
Uncontrolled related/analytical title Hegemonic modernity : the Middle East and North Africa during the nineteenth and early twentieth centuries.
740 02 - ADDED ENTRY--UNCONTROLLED RELATED/ANALYTICAL TITLE
Uncontrolled related/analytical title Modernizing the law in the age of nation-states.
740 02 - ADDED ENTRY--UNCONTROLLED RELATED/ANALYTICAL TITLE
Uncontrolled related/analytical title In search of a legal methodology.
740 02 - ADDED ENTRY--UNCONTROLLED RELATED/ANALYTICAL TITLE
Uncontrolled related/analytical title Repercussions: concluding notes.
856 42 - ELECTRONIC LOCATION AND ACCESS
Materials specified Notice et cote du catalogue de la Bibliothèque nationale de France
Uniform Resource Identifier <a href="http://catalogue.bnf.fr/ark:/12148/cb42275576c">http://catalogue.bnf.fr/ark:/12148/cb42275576c</a>
942 ## - ADDED ENTRY ELEMENTS (KOHA)
Source of classification or shelving scheme Library of Congress Classification
Koha item type Books
Holdings
Home library Current library Shelving location Date acquired Full call number Barcode Koha item type
African Court on Human and Peoples' Rights Library African Court on Human and Peoples' Rights Library   17/09/2012 KBP144 .H356 10019596 Books

African Court on Human and Peoples' Rights | For Inquiries Contact » +255 272 510 510